Unoriginal TV Quiz Stats

 Plays Quiz Updated Nov 29, 2015

Also try: TV Shows by Memes
Challenge
Share
Tweet
Score 0/26 Timer 08:00
1 Play Today
% Correct
The Pink Panther Show (Based on the film 'The Pink Panther')
96%
Teenage Mutant Ninja Turtles (Based on the comic book of the same name)
95.5%
Batman (Based on DC Comics)
94.5%
Sonic the Hedgehog (Based on the video game series of the same name)
89.1%
Game of Thrones (Based on the book series 'A Song of Ice and Fire')
88.9%
Sex and the City (Based on the book of the same name)
87.1%
M*A*S*H (Based on the film of the same name)
86.9%
The Walking Dead (Based on the comic book of the same name)
86.1%
Buffy the Vampire Slayer (Based on the film of the same name)
85.8%
Smallville (Based on DC Comics)
83%
The Lone Ranger (Based on the radio series of the same name)
81.5%
X-Men: The Animated Series (Based on Marvel Comics)
77.2%
Friday Night Lights (Based on the film of the same name)
76.8%
% Correct
Dexter (Based on the novel 'Darkly Dreaming Dexter')
74.5%
Elementary (Based on the Sherlock Holmes novels)
71.3%
Justice League (Based on DC Comics)
68.2%
True Blood (Based on the book series 'The Southern Vampire Mysteries')
65.3%
Hannibal (Based on the novel 'Red Dragon')
65%
Hercules: The Legendary Journeys (Based on Greek mythology)
61.8%
Agents of S.H.I.E.L.D. (Based on Marvel Comics)
56.8%
The Tick (Based on the comic book of the same name)
47.1%
Gossip Girl (Based on the book series of the same name)
44.7%
Sleepy Hollow (Based on the short story 'The Legend of Sleepy Hollow')
43.9%
Stargate SG-1 (Based on the film 'Stargate')
43.1%
Dragnet (Based on the radio series of the same name)
40.2%
Justified (Based on a character from the works of Elmore Leonard)
26.8%

You're not logged in!

Compare scores with friends on all Sporcle quizzes.
Join for Free
OR
Log In

You Might Also Like...

Show Comments

Extras

Top Quizzes Today


Score Distribution

Your Account Isn't Verified!

In order to create a playlist on Sporcle, you need to verify the email address you used during registration. Go to your Sporcle Settings to finish the process.

Report this User

Report this user for behavior that violates our Community Guidelines.

Details: